| 000 | 00572nam a2200181Ia 4500 | ||
|---|---|---|---|
| 008 | 151018s9999 xx 000 0 und d | ||
| 082 |
_bRBASDV36583 _a891.462041 |
||
| 100 | _aना ल मोरे | ||
| 245 | _aसंपत्तीचा धूर | ||
| 250 | _b1 | ||
| 260 |
_bत्रिदल प्रकाशन मुंबई _c19760 |
||
| 300 | _a31 | ||
| 600 | _aना ल मोरे | ||
| 630 | _aसंपत्तीचा धूर | ||
| 700 | _aना ल मोरे | ||
| 730 | _aसंपत्तीचा धूर | ||
| 942 | _cBOOK | ||
| 999 |
_c1036030 _d1036027 |
||